[Event "Warsaw YMCA Summer-B 245th"]
[Site "Warsaw"]
[Date "2021.07.09"]
[Round "4"]
[White "Kuznik, Kamil"]
[Black "Okurowski, Michal"]
[Result "0-1"]
[WhiteElo "1517"]
[BlackElo "1632"]
[PlyCount "120"]
[EventDate "2021.06.30"]
[EventType "tourn"]
[EventRounds "10"]
[EventCountry "POL"]
[SourceTitle "EXT 2022"]
[Source "ChessBase"]
[SourceDate "2021.10.06"]
[SourceVersion "1"]
[SourceVersionDate "2021.10.06"]
[SourceQuality "1"]

1. e4 e5 2. Nf3 Nc6 3. d4 exd4 4. Nxd4 Nxd4 5. Qxd4 d6 6. Bc4 Nf6 7. 0-0 Be7 8. Nc3 0-0 9. Bg5 h6 10. Bh4 Bd7 11. Rfe1 Ng4 12. Bxe7 Qxe7 13. f4 Qh4 14. h3 Nf6 15. e5 Rfe8 16. Re3 dxe5 17. Rxe5 Rxe5 18. Qxe5 Re8 19. Qd4 Bxh3 20. Nd5 Nxd5 21. Bxd5 c6 22. Bf3 Bf5 23. Qxa7 Qxf4 24. Qxb7 Be4 25. Re1 Rb8 26. Qd7 Bxf3 27. Re8+ Rxe8 28. Qxe8+ Kh7 29. gxf3 Qg3+ 30. Kf1 Qxf3+ 31. Ke1 h5 32. Qe2 Qg3+ 33. Kf1 g6 34. a4 Qf4+ 35. Qf2 Qc4+ 36. Kg1 Qg4+ 37. Kh2 f5 38. b3 Qe4 39. Qd2 h4 40. Qd3 Qe5+ 41. Kh3 Kh6 42. Qf3 c5 43. Qf2 g5 44. Kg2 Kh5 45. Kf1 g4 46. a5 h3 47. a6 Qd5 48. a7 Qd1+ 49. Qe1 Qf3+ 50. Qf2 h2 51. Qxf3 gxf3 52. a8Q h1Q+ 53. Kf2 Qg2+ 54. Ke3 Qe2+ 55. Kf4 Qe4+ 56. Qxe4 fxe4 57. Ke3 Kg4 58. Kf2 Kf4 59. c3 e3+ 60. Ke1 f2+ 0-1

[Event "Warsaw YMCA Spring-B 241st"]
[Site "Warsaw"]
[Date "2021.04.29"]
[Round "3"]
[White "Nawalaniec, Adam"]
[Black "Kuznik, Kamil"]
[Result "1-0"]
[WhiteElo "1639"]
[BlackElo "1517"]
[PlyCount "119"]
[EventDate "2021.04.15"]
[EventType "swiss"]
[EventRounds "11"]
[EventCountry "POL"]
[SourceTitle "EXT 2022"]
[Source "ChessBase"]
[SourceDate "2021.10.06"]
[SourceVersion "1"]
[SourceVersionDate "2021.10.06"]
[SourceQuality "1"]

1. e4 c5 2. Nf3 d6 3. d4 cxd4 4. Nxd4 Nf6 5. Nc3 a6 6. a4 e5 7. Nb3 Be6 8. Be2 Be7 9. Be3 0-0 10. a5 Nc6 11. Bb6 Qd7 12. 0-0 d5 13. Bf3 d4 14. Ne2 Rac8 15. Nc5 Bxc5 16. Bxc5 Rfe8 17. c3 Bc4 18. cxd4 Nxd4 19. Bxd4 exd4 20. Re1 d3 21. Nc3 Re5 22. Qd2 Rce8 23. Qe3 Ng4 24. Bxg4 Qxg4 25. f4 R5e6 26. Ra4 Bb3 27. Rb4 Bc2 28. Rxb7 Rd8 29. Qd2 Qh5 30. Nd5 h6 31. Rc7 f5 32. Qc3 Qg4 33. Ne3 d2 34. Nxg4 dxe1Q+ 35. Qxe1 Rd1 36. Qxd1 Bxd1 37. Nf2 fxe4 38. Nxd1 e3 39. Nxe3 Rxe3 40. Rc6 Rb3 41. Rb6 Rd3 42. Rxa6 Rd1+ 43. Kf2 Rd2+ 44. Kf3 Rxb2 45. Rb6 Ra2 46. a6 Kh7 47. f5 Ra4 48. Ke3 Kg8 49. Kd3 Kf7 50. Rb7+ Kf6 51. a7 g6 52. fxg6 Kxg6 53. Kc3 Kg5 54. Kb3 Ra1 55. Kc4 Kf5 56. Kb5 Ke6 57. Rb6+ Kd5 58. Ra6 Rb1+ 59. Ka5 Ra1+ 60. Kb6 1-0

[Event "Warsaw YMCA Autumn-C 222nd"]
[Site "Warsaw"]
[Date "2019.10.03"]
[Round "2"]
[White "Kuznik, Kamil"]
[Black "Jaroszuk, Marcin"]
[Result "1/2-1/2"]
[WhiteElo "1497"]
[BlackElo "1560"]
[PlyCount "60"]
[EventDate "2019.09.19"]
[EventType "tourn"]
[EventRounds "13"]
[EventCountry "POL"]
[SourceTitle "CBM 195 Extra"]
[Source "ChessBase"]
[SourceDate "2020.05.31"]
[SourceVersion "1"]
[SourceVersionDate "2020.05.31"]
[SourceQuality "1"]

1. e4 e6 2. d4 d5 3. exd5 exd5 4. Nf3 Nc6 5. Be2 Nf6 6. 0-0 Bg4 7. h3 Bh5 8. Be3 Qd6 9. Ne5 Nxe5 10. Bxh5 Nc4 11. b3 Nxe3 12. fxe3 Nxh5 13. Qxh5 g6 14. Qf3 f5 15. c4 c6 16. Nc3 Rd8 17. cxd5 cxd5 18. Rac1 Qd7 19. Rf2 Ba3 20. Rcc2 0-0 21. Qe2 Rc8 22. Qf3 Rcd8 23. Qf4 Bd6 24. Qh6 Rf7 25. h4 Bf8 26. Qf4 Bd6 27. Qf3 Be7 28. Qf4 Bd6 29. Qf3 Be7 30. Qf4 Bd6 1/2-1/2

[Event "Warsaw YMCA Spring-C 215th"]
[Site "Warsaw"]
[Date "2019.05.29"]
[Round "8"]
[White "Rak, Jacek"]
[Black "Kuznik, Kamil"]
[Result "1/2-1/2"]
[WhiteElo "1552"]
[BlackElo "1530"]
[PlyCount "123"]
[EventDate "2019.04.10"]
[EventType "tourn"]
[EventRounds "11"]
[EventCountry "POL"]
[SourceTitle "CBM 195 Extra"]
[Source "ChessBase"]
[SourceDate "2020.05.31"]
[SourceVersion "1"]
[SourceVersionDate "2020.05.31"]
[SourceQuality "1"]

1. e4 c5 2. Nf3 d6 3. d4 cxd4 4. Nxd4 Nf6 5. Nc3 a6 6. Be2 e5 7. Nb3 Be6 8. 0-0 Be7 9. Be3 Nc6 10. a3 0-0 11. Qd3 d5 12. exd5 Nxd5 13. Nxd5 Bxd5 14. Rad1 Be6 15. Nc5 Qc8 16. Nxe6 Qxe6 17. Qd7 Nd4 18. Rxd4 exd4 19. Qxe6 fxe6 20. Bxd4 Rad8 21. Bc3 Bf6 22. Bb4 Rfe8 23. b3 Be7 24. Bxe7 Rxe7 25. Bd3 e5 26. f3 Kf7 27. Kf2 Kf6 28. a4 Rc7 29. Ke3 g5 30. g4 h6 31. h3 Rc3 32. Kd2 Rc7 33. Ke3 a5 34. Rh1 Rd4 35. h4 gxh4 36. Rxh4 Kg7 37. Rh5 Rd5 38. g5 Rd6 39. gxh6+ Rxh6 40. Rxe5 b6 41. f4 Kf6 42. Rb5 Ke7 43. f5 Rcc6 44. Re5+ Kf6 45. Re8 Rh4 46. Rg8 Ke5 47. Re8+ Kf6 48. Kf3 Rd6 49. Rg8 Rhd4 50. Rg6+ Ke5 51. Ke3 Rxg6 52. fxg6 Rg4 53. Kf3 Rg1 54. c3 Kf6 55. Ke4 Rg5 56. Kd4 Ke6 57. Kc4 Rc5+ 58. Kd4 Rg5 59. c4 Rg4+ 60. Kc3 Rg3 61. Kd4 Rg4+ 62. Kc3 1/2-1/2

[Event "Warsaw YMCA Spring-C 215th"]
[Site "Warsaw"]
[Date "2019.04.17"]
[Round "2"]
[White "Kuznik, Kamil"]
[Black "Bartczak, Hanna"]
[Result "1-0"]
[WhiteElo "1530"]
[BlackElo "1391"]
[PlyCount "41"]
[EventDate "2019.04.10"]
[EventType "tourn"]
[EventRounds "11"]
[EventCountry "POL"]
[SourceTitle "CBM 195 Extra"]
[Source "ChessBase"]
[SourceDate "2020.05.31"]
[SourceVersion "1"]
[SourceVersionDate "2020.05.31"]
[SourceQuality "1"]

1. e4 c5 2. Nf3 d6 3. d4 cxd4 4. Nxd4 Nf6 5. Nc3 g6 6. Be3 Bg7 7. f3 0-0 8. Qd2 Nc6 9. 0-0-0 Bd7 10. g4 a6 11. h4 h5 12. Be2 hxg4 13. Rdg1 gxf3 14. Bxf3 Ne5 15. h5 Nxf3 16. Nxf3 Bg4 17. h6 Bxf3 18. hxg7 Kxg7 19. Bb6 Rh8 20. Bxd8 Bxh1 21. Bxe7 1-0

[Event "Warsaw YMCA Winter-C 211st"]
[Site "Warsaw"]
[Date "2019.02.07"]
[Round "7"]
[White "Kuznik, Kamil"]
[Black "Szumigaj, Marcin"]
[Result "0-1"]
[WhiteElo "1436"]
[BlackElo "1418"]
[PlyCount "162"]
[EventDate "2019.01.09"]
[EventType "tourn"]
[EventRounds "13"]
[EventCountry "POL"]
[SourceTitle "EXT 2021"]
[Source "ChessBase"]
[SourceDate "2020.10.23"]
[SourceVersion "1"]
[SourceVersionDate "2020.10.23"]
[SourceQuality "1"]

1. e4 d5 2. exd5 Nf6 3. d4 Bg4 4. Be2 Bxe2 5. Qxe2 Qxd5 6. Nf3 Nc6 7. Nc3 Qf5 8. 0-0 e6 9. Nb5 0-0-0 10. c3 a6 11. Na3 Bd6 12. Nc4 Qh5 13. Nxd6+ cxd6 14. Bf4 Rhe8 15. Rfe1 Nd5 16. Bd2 h6 17. b4 e5 18. dxe5 Nxe5 19. Nxe5 Qxe2 20. Rxe2 Rxe5 21. Rae1 Rde8 22. Kf1 b5 23. f4 Rxe2 24. Rxe2 Rxe2 25. Kxe2 f5 26. Kd3 Kd7 27. Be3 h5 28. g3 Kc6 29. Bd4 g6 30. a3 Nc7 31. c4 bxc4+ 32. Kxc4 d5+ 33. Kd3 Kb5 34. Bb2 Ne6 35. Kc3 a5 36. bxa5 Kxa5 37. Kb3 Nc5+ 38. Kc3 Ne6 39. Bc1 Ka4 40. Kb2 Kb5 41. Kb3 Nc5+ 42. Kc3 Ne6 43. Bd2 Ka4 44. Kb2 Kb5 45. Kc2 Kc4 46. a4 d4 47. a5 Nc5 48. Kd1 Kb5 49. Ke2 Kc4 50. Be1 Kb5 51. Kd1 Ne4 52. Kc2 Nc5 53. h3 Kc4 54. Bf2 Na6 55. Be1 Nc5 56. Bf2 Na6 57. Kd2 Nc5 58. Be1 Kb5 59. Ke2 Kc4 60. Kf3 Kd5 61. g4 Nb3 62. gxh5 gxh5 63. Ke2 Nc5 64. Bh4 Nb3 65. Bd8 Nc5 66. Bb6 Na6 67. Kd3 Nb4+ 68. Kd2 Ke4 69. Bc7 Kf3 70. Bd6 Na6 71. Kd3 Kg3 72. Kxd4 Kxh3 73. Ke5 Kg4 74. Be7 Nb8 75. Bg5 Nc6+ 76. Kf6 Nxa5 77. Ke5 Nb3 78. Kf6 Nd2 79. Ke5 Nf1 80. Kf6 Ng3 81. Kg6 h4 0-1

[Event "Warsaw YMCA Winter-C 211st"]
[Site "Warsaw"]
[Date "2019.01.09"]
[Round "1"]
[White "Jaroszuk, Marcin"]
[Black "Kuznik, Kamil"]
[Result "0-1"]
[WhiteElo "1400"]
[BlackElo "1436"]
[PlyCount "176"]
[EventDate "2019.01.09"]
[EventType "tourn"]
[EventRounds "13"]
[EventCountry "POL"]
[SourceTitle "EXT 2021"]
[Source "ChessBase"]
[SourceDate "2020.10.23"]
[SourceVersion "1"]
[SourceVersionDate "2020.10.23"]
[SourceQuality "1"]

1. Nf3 d5 2. g3 Nf6 3. Bg2 c6 4. 0-0 Bg4 5. Ne5 Bf5 6. d4 Nbd7 7. c4 e6 8. Nd2 Be7 9. Re1 0-0 10. Qb3 Qb6 11. Nxd7 Nxd7 12. Qxb6 axb6 13. e4 dxe4 14. Nxe4 Nf6 15. Nc3 Rfd8 16. d5 Bb4 17. dxc6 bxc6 18. Bg5 Rd3 19. Bxf6 gxf6 20. Bxc6 Rc8 21. Be4 Bxe4 22. Rxe4 f5 23. Re3 Rxe3 24. fxe3 Bxc3 25. bxc3 Rxc4 26. Rc1 b5 27. Kf2 b4 28. Ke2 bxc3 29. Rc2 h5 30. Kd3 Ra4 31. Kxc3 h4 32. Kb3 Re4 33. Re2 hxg3 34. hxg3 Kf8 35. a4 Ke7 36. a5 Kd7 37. a6 Kc7 38. Kc3 Kb6 39. Kd3 Kxa6 40. Rh2 Rg4 41. Rh7 Rxg3 42. Rxf7 Rg4 43. Rd7 Kb5 44. Rd6 Re4 45. Rd4 Re5 46. Rh4 Kc5 47. e4 Kd6 48. exf5 exf5 49. Rd4+ Ke6 50. Kd2 Kf6 51. Rd8 Kg5 52. Rh8 Kg4 53. Rg8+ Kf3 54. Ra8 f4 55. Rf8 Kg3 56. Ra8 f3 57. Ra3 Kg2 58. Ra1 f2 59. Kc3 f1Q 60. Rxf1 Kxf1 61. Kd4 Re2 62. Kd3 Kf2 63. Kd4 Kf3 64. Kd5 Kf4 65. Kd4 Rd2+ 66. Kc5 Ke4 67. Kc6 Ke5 68. Kc7 Ke6 69. Kc8 Ke7 70. Kc7 Rc2+ 71. Kb6 Kd7 72. Kb5 Kd6 73. Kb4 Kd5 74. Kb3 Rc7 75. Kb4 Rc8 76. Kb3 Kd4 77. Kb2 Kd3 78. Kb1 Kd2 79. Kb2 Rb8+ 80. Ka3 Kc2 81. Ka4 Kc3 82. Ka5 Kc4 83. Ka6 Kc5 84. Ka7 Rb1 85. Ka6 Rb2 86. Ka7 Kc6 87. Ka8 Kc7 88. Ka7 Ra2# 0-1

[Event "Warsaw YMCA Autumn-C 207th"]
[Site "Warsaw"]
[Date "2018.11.07"]
[Round "8"]
[White "Kuznik, Kamil"]
[Black "Rak, Jacek"]
[Result "1/2-1/2"]
[WhiteElo "1553"]
[BlackElo "1428"]
[PlyCount "119"]
[EventDate "2018.09.18"]
[EventType "tourn"]
[EventRounds "13"]
[EventCountry "POL"]
[SourceTitle "EXT 2021"]
[Source "ChessBase"]
[SourceDate "2020.10.23"]
[SourceVersion "1"]
[SourceVersionDate "2020.10.23"]
[SourceQuality "1"]

1. e4 c5 2. Nf3 Nc6 3. d4 cxd4 4. Nxd4 Nf6 5. Nc3 e5 6. Ndb5 d6 7. Bg5 a6 8. Na3 Be6 9. Nd5 Bxd5 10. Qxd5 Nxd5 11. Bxd8 Kxd8 12. exd5 Ne7 13. c4 g6 14. Bd3 f5 15. f3 Bg7 16. Nc2 Rc8 17. Kd2 Bh6+ 18. Ke2 Re8 19. b3 Ng8 20. Ne3 Nf6 21. Rhg1 e4 22. fxe4 Nxe4 23. Rae1 Nc3+ 24. Kf3 Nxa2 25. Nc2 Bg7 26. g4 fxg4+ 27. Rxg4 Rxe1 28. Nxe1 Nb4 29. Bb1 a5 30. Rh4 Bc3 31. Ng2 Rc7 32. Nf4 Rf7 33. Kg4 Ke7 34. Ne6 Bd2 35. Rh3 Bc1 36. Rf3 Rxf3 37. Kxf3 Na6 38. Ke4 b6 39. Nd4 Nc5+ 40. Kf3 Bb2 41. Nc6+ Kd7 42. Bc2 Nb7 43. Kg4 Nd8 44. Nxd8 Kxd8 45. Kg5 Bg7 46. h4 Ke7 47. h5 gxh5 48. Kxh5 Kf6 49. Bxh7 Ke5 50. Bg6 a4 51. bxa4 Kd4 52. Be8 Kxc4 53. Kg6 Bh8 54. Bc6 Bd4 55. Kf7 Bc5 56. Ke6 Kb4 57. Bb5 Kb3 58. Kd7 Kc3 59. Kc6 Kd4 60. Ba6 1/2-1/2

[Event "Warsaw YMCA Summer-B 203rd"]
[Site "Warsaw"]
[Date "2018.07.24"]
[Round "5"]
[White "Kuznik, Kamil"]
[Black "Jaroszuk, Marcin"]
[Result "1-0"]
[WhiteElo "1528"]
[BlackElo "1313"]
[PlyCount "41"]
[EventDate "2018.07.03"]
[EventType "tourn"]
[EventRounds "10"]
[EventCountry "POL"]
[SourceTitle "EXT 2021"]
[Source "ChessBase"]
[SourceDate "2020.10.23"]
[SourceVersion "1"]
[SourceVersionDate "2020.10.23"]
[SourceQuality "1"]

1. e4 e5 2. Nf3 Nc6 3. d4 exd4 4. Nxd4 Bc5 5. Be3 Qf6 6. c3 Nge7 7. Bc4 Ne5 8. Be2 Qg6 9. 0-0 d5 10. Nb5 Bh3 11. Bf3 Bxe3 12. Nxc7+ Kd7 13. Nxa8 Bc5 14. exd5 Nf5 15. Kh1 Nh4 16. Qa4+ Kd6 17. Qxh4 Nd3 18. Qxh3 Bxf2 19. Nd2 f5 20. Bh5 Qg5 21. Qxd3 1-0

[Event "Warsaw YMCA Spring-C 200th"]
[Site "Warsaw"]
[Date "2018.06.22"]
[Round "13"]
[White "Kuznik, Kamil"]
[Black "Kwiecinski, Rafal"]
[Result "1-0"]
[WhiteElo "1505"]
[BlackElo "1476"]
[PlyCount "71"]
[EventDate "2018.04.05"]
[EventType "tourn"]
[EventRounds "13"]
[EventCountry "POL"]
[SourceTitle "EXT 2021"]
[Source "ChessBase"]
[SourceDate "2020.10.23"]
[SourceVersion "1"]
[SourceVersionDate "2020.10.23"]
[SourceQuality "1"]

1. e4 c5 2. Nf3 Nc6 3. d4 cxd4 4. Nxd4 Nf6 5. Nc3 e5 6. Ndb5 d6 7. Bd3 a6 8. Na3 Be6 9. Bg5 Be7 10. Nc4 b5 11. Ne3 Nd4 12. 0-0 h5 13. Ncd5 h4 14. a4 h3 15. g3 Rb8 16. axb5 axb5 17. c3 Nc6 18. Qe2 b4 19. Bb5 Bd7 20. Ra6 Rxb5 21. Qxb5 Nd4 22. Qxb4 Nf3+ 23. Kh1 Nxg5 24. Ra8 Bc8 25. Qc4 0-0 26. Rxc8 Qd7 27. Rc7 Qd8 28. Nxe7+ Kh8 29. N7d5 Nfxe4 30. f3 Nf6 31. Qh4+ Nfh7 32. f4 exf4 33. gxf4 Re8 34. fxg5 Rxe3 35. g6 Qxh4 36. Rc8+ 1-0